000 00502nam a2200229Ia 4500
003 IT-RoPAU
008 120407s9999 xx 000 0 und d
040 _aIT-RoPAU
040 _cIT-RoPAU
041 _aita
100 _aAugustinus Aurelius
100 _csanctus
245 _a"Enarrationes in Psalmos. a cura di Edano Logi."
250 _aSiena
260 _aCantagalli
260 _c1931
300 _c cm
490 _aClassici cristiani, 28
490 _v1
942 _cBK
999 _c81
_d81